000 00355nam a2200169Ia 4500
100 _aWatson/Joel
650 _agame theory
250 _a2
942 _cBK
366 _f20
245 _aStrategy:Introduction to Game theory
260 _bViva Books
_c2010
082 _a519.3
_bWAT
300 _a404
546 _aENGLISH
_cproduction
999 _c21837
_d21837